Obrazy historie z petřinského bludiště

Titel: Obrazy historie z petřinského bludiště : Několik poznámek a úvah nad recenzí knihy o Alexandru Dubčekovi.
Verfasser:
In: Soudobé dějiny, Band 9, Heft 3-4 (2002), Seite 620-638
alle Artikel anzeigen
Veröffentlicht: 2002
Format: Aufsatz
Sprache: Tschechisch
Kein Bild verfügbar
X
alg: 39516996
001A    $01999:12-11-16 
001B    $01999:09-08-21 $t17:41:52.000 
001C    $06050:19-11-16 $t09:38:13.000 
001D    $01999:12-11-16 
001U    $0utf8 
001X    $00 
002@    $0Aox 
003@    $0395169968 
007A    $0395169968 $aHEB 
007T    $0Herdp27362 
010@    $acze 
011@    $a2002 
021A    $aObrazy historie z petřinského bludiště $dNěkolik poznámek a úvah nad recenzí knihy o Alexandru Dubčekovi. 
028A    $aBenčík $dAntonín 
031A    $d9 $e3-4 $h620-638 $j2002 
039B    $aIn $8--Abvc--. Soudobé dějiny. - Praha : USD, 1993-. - ISSN 1210-7050 $x200200000090003380 $9048643750 
039T    $8--Aau--Benčík, Antonín$Z1926- [Tp3]. Utajovaná pravda o Alexandru Dubčekovi. - 1. vyd.. - Praha : Ostrov, 2001. - 223 S., XXIV S.. - Ill.. - ISBN 80-86289-19-2 $9112067980 
045F    $a900.94371 $eDDC23BSB 
045F/01 $a900 
045F/03 $g4371 
045F/03 $g4373 
045T    $a7,41 
045T    $aOST $qDE-12 $2FID 

lok: 39516996 78

exp: 39516996 78 1 #EPN
201B/01 $026-11-17 $t04:03:39.000 
201U/01 $0utf8 
203@/01 $079147626X 
208@/01 $a12-11-16 $be 
209A/01 $a/ $f000 $x00 
220C/01 $aTitelaufnehmer: rb 
220C/01 $aHerkunft: Hú Av Čr Praha 
244Z/01 $#Tschechien $#Tschechische Republik $#Tschechische Republik $#Tschechenland $#Tschechei Tschechien $#Česká Republika $#Czech Republic $#ČR $74303381-7 $8--Tg1--Tschechien $x01 $9086659812 
244Z/01 $2Trx $#Böhmen $#Bohemia $#Czechy $8--Trx--Čechy $x02 $9391188941 
244Z/01 $2Trx $#Slowakische Republik $#Szlovák Köztársaság $#Republika Słowacka $#Slovenská Republika $#Slovensko $#Slowakei $#Słowacja $#Slovensko $8--Trx--Slovenská Republika $x03 $9391345796 
244Z/01 $2Trx $#arvustused $#recenzijos $#Reviews $#recenziók $#recenzje $#recenzie $#recenze $8--Trx--Rezensionen $x04 $9391357441 
247C/01 $82080>Marburg/Lahn, Herder-Institut, Forschungsbibliothek, Bibliographieportal $9336309341
LEADER 00000caa a22000002c 4500
001 395169968
003 DE-603
005 20210809174152.0
007 tu
008 161112s2002 xx |||| | u00||u|cze c
035 |a (DE-599)HEB395169968 
040 |a DE-603  |b ger  |c DE-603  |d DE-603 
041 |a cze 
082 0 4 |8 1\u  |a 900.94371  |q DE-101  |2 23/BSB 
084 |a 7,41  |2 ssgn 
084 |a OST  |q DE-12  |2 fid 
085 |8 1\u  |b 900 
085 |8 1\u  |z 2  |s 4371 
085 |8 1\u  |z 2  |s 4373 
100 1 |a Benčík, Antonín 
245 0 0 |a Obrazy historie z petřinského bludiště  |b Několik poznámek a úvah nad recenzí knihy o Alexandru Dubčekovi. 
264 0 |c 2002 
773 0 8 |i In  |t Soudobé dějiny  |d Praha : USD, 1993-  |x 1210-7050  |g Band 9, Heft 3-4 (2002), Seite 620-638  |w (DE-603)048643750  |w (DE-600)1181942-X 
787 0 8 |i Rezension von  |a Benčík, Antonín, 1926-  |t Utajovaná pravda o Alexandru Dubčekovi  |b 1. vyd.  |d Praha : Ostrov, 2001  |h 223 S., XXIV S., Ill.  |z 8086289192  |w (DE-603)112067980 
924 0 |9 2080  |a (DE-603)79147626X  |b DE-2080  |c HES  |d d  |g /